Principles of data processing : (Record no. 42810)
[ view plain ]
| 000 -LEADER | |
|---|---|
| fixed length control field | 00836nam a2200253 a 4500 |
| 001 - CONTROL NUMBER | |
| control field | 42810 |
| 003 - CONTROL NUMBER IDENTIFIER | |
| rucl marc code | BD-RjUL |
| 005 - DATE AND TIME OF LATEST TRANSACTION | |
| control field | 20211209053609.0 |
| 008 - FIXED-LENGTH DATA ELEMENTS--GENERAL INFORMATION | |
| fixed length control field | 160616s1981 iluacf b 001 0 eng |
| 020 ## - INTERNATIONAL STANDARD BOOK NUMBER | |
| International Standard Book Number | 0256024847 |
| 035 ## - SYSTEM CONTROL NUMBER | |
| System control number | (BD-RjUL)42928 |
| 040 ## - CATALOGING SOURCE | |
| Original cataloging agency | DLC |
| Transcribing agency | DLC |
| Modifying agency | DLC |
| -- | BD-RjUL |
| Language of cataloging | eng |
| 041 ## - LANGUAGE CODE | |
| Language code of text/sound track or separate title | eng |
| 082 00 - DEWEY DECIMAL CLASSIFICATION NUMBER | |
| Classification number | 001.64 |
| Edition number | 23 |
| Author mark and year | STP 1981 |
| 100 1# - MAIN ENTRY--PERSONAL NAME | |
| Personal name | Stair, Ralph M. |
| 9 (RLIN) | 131563 |
| 245 10 - TITLE STATEMENT | |
| Title | Principles of data processing : |
| Remainder of title | concepts, applications, and cases / |
| Statement of responsibility, etc. | Ralph M. Stair. |
| 260 ## - PUBLICATION, DISTRIBUTION, ETC. (IMPRINT) | |
| Place of publication, distribution, etc. | Homewood : |
| Name of publisher, distributor, etc. | R.D. Irwin, |
| Date of publication, distribution, etc. | 1981. |
| 300 ## - PHYSICAL DESCRIPTION | |
| Pagination | xvii, 474 p. : |
| Illustrations | ill ; |
| Size | 25 cm. |
| 500 ## - GENERAL NOTE | |
| General note | Includes index. |
| 650 #0 - SUBJECT ADDED ENTRY--TOPICAL TERM | |
| Topical term or geographic name as entry element | Electronic data processing. |
| 9 (RLIN) | 118415 |
| 830 ## - SERIES ADDED ENTRY--UNIFORM TITLE | |
| Uniform title | The Irwin series in information and decision sciences |
| 942 ## - ADDED ENTRY ELEMENTS (KOHA) | |
| Source of classification or shelving scheme | Dewey Decimal Classification |
| Koha item type | Books |
| Lost status | Source of classification or shelving scheme | Damaged status | Not for loan | Collection code | Permanent Location | Current Location | Shelving location | Date acquired | Source of acquisition | Total Checkouts | Full call number | Date last seen | Date checked out | Copy number | Koha item type | Cost, normal purchase price |
|---|---|---|---|---|---|---|---|---|---|---|---|---|---|---|---|---|
| Dewey Decimal Classification | Non-fiction | Central Library, University of Rajshahi | Central Library, University of Rajshahi | 07/04/1985 | Asia foundation | 2 | 001.64 STP 1981 | 01/08/2016 | 28/07/2016 | C-2 | Books | |||||
| Dewey Decimal Classification | Non-fiction | Central Library, University of Rajshahi | Central Library, University of Rajshahi | 07/04/1985 | Asin for data | 001.64 STP 1981 | 19/11/2016 | C-3 | Books | 0.00 | ||||||
| Dewey Decimal Classification | Not For Loan | Non-fiction | Central Library, University of Rajshahi | Central Library, University of Rajshahi | Reading Room | 07/04/1985 | Asia Fundation | 001.64 STP 1981 | 03/06/2017 | C-1 | Books | |||||
| Dewey Decimal Classification | Non-fiction | Central Library, University of Rajshahi | Central Library, University of Rajshahi | 07/04/1985 | Asia Fundation | 001.64 STP 1981 | 03/06/2017 | C-4 | Books | |||||||
| Dewey Decimal Classification | Non-fiction | Central Library, University of Rajshahi | Central Library, University of Rajshahi | 07/04/1985 | Asia Fundation | 001.64 STP 1981 | 03/06/2017 | C-5 | Books |